Quiz o Włoszech - Statystyki

Ogólne statystyki
  • Ten quiz został rozwiązany 4 653 razy
    4 638 od ostatniego zresetowania
  • Średni wynik to 23 z 37
Statystyki odpowiedzi
Wskazówka Odpowiedź % Poprawnych
Włochy po włosku Italia
91%
Państwa graniczące Szwajcaria
90%
Państwa graniczące Francja
88%
Miasto z krzywą wieżą Piza
88%
Państwa graniczące Austria
86%
Stolica mody Mediolan
85%
Słynie z kanałów Wenecja
84%
Dwie największe wyspy Sycylia
83%
Państwa graniczące Słowenia
82%
Państwa graniczące Watykan
81%
Państwa graniczące San Marino
79%
Malarz Kaplicy Sykstyńskiej Michał Anioł
77%
Wulkan, który zniszczył Pompeje Wezuwiusz
77%
Miasto, skąd pochodzi pizza Neapol
74%
Dwie największe wyspy Sardynia
74%
Najwyższy wulkan Góra Etna
69%
Ostateczny człowiek renesansu Leonardo da Vinci
67%
Gospodarz olimpijski 2006 Turyn
64%
Najlepsza liga piłkarska Serie A
63%
Ochroniarze papieża Gwardia {Szwajcarska}
62%
Founders of Rome Romulus
62%
Pseudonim Rzymu {Wieczne} Miasto
61%
Stolica mody (włoski) Milano
57%
Founders of Rome Remus
57%
Stolica Toskanii Florencja
56%
Miasto, skąd pochodzi pizza (włoski) Napoli
54%
Najwyższa góra Mont Blanc
48%
Waluta przed 2002 r. Lira
47%
Gospodarz olimpijski 2006 (włoski) Torino
47%
Ojciec astronomii Galileusz
46%
Miasto z krzywą wieżą (włoski) Pisa
43%
Słynie z kanałów (włoski) Venezia
41%
Pierwszy cesarz rzymski Oktawian
34%
Najdłuższa rzeka Pad
33%
Stolica Toskanii Firenze
27%
Pionier radiowy Guglielmo Marconi
18%
Słynny lutnik, który zmarł w 1737 r. Antonio Stradivari
13%
Nie znaleziono quizów pasujących do podanych kryteriów
Rozkład punktacji
Procent ludzi z każdym wynikiem
Percentyl według liczby udzielonych odpowiedzi
Twoja historia wyników
Nie rozwiązałeś tego quizu od ostatniego zresetowania